02718nam a2200457uu 4500001000800000005001700008008004100025035001200066035002100078040001300099041000800112082000800120100004500128245018800173260004500361300004400406500024800450505076800698650002201466650004101488650004401529650002301573650002501596650002401621650002901645650003401674650002501708650003401733650002801767650003101795700004501826700004601871700004301917700004401960700003902004700004202043700004302085700004502128700004102173700004602214106487520260507082648.0080130s2007 spa  a1064875 a(OCoLC)777683756 ccomduadb aspa 4a30710aMacias Garces, Claudia Marcela4auteaut10aGuía metodológica : encuentro vivencial de formación en liderazgo con niños y niñas, para el fomento del derecho de participación, desde el protagonismo infantil y juvenil aMedellín :bVirtual Publicidad,c2007. a165 páginas :bilsutraciones a color. aGENERAL : Proyecto modelos de pedagogía vivencial, una estrategia para la reducción del fenómeno niñez en situación de calle vivenciándo...nos. -- Unión temporal por la niñez en situación de calle del Municipio de Medellín. aCONTENIDO : Qué es vivenciándo...nos. -- 1: Justificación. -- 2: Referentes conceptuales de soporte a la propuesta. -- 2.1: La participación infantil. -- 2.2: Tejiendo la participación con niñez y adolescencia en situación de calle o en riesgo de estarlo. -- 3: Objetivos. -- 4: Propuesta pedagógica y metodológica. -- 5: Aspectos de funcionamiento de los encuentro vivenciales de liderazgo para la formación de animadores/as infantiles y juveniles. -- 6: Centros de conocimiento. -- 6.1: Encuentros vivenciales de liderazgo y trabajo en equipo. -- 6.2: Encuentros vivenciales de pedagogía vivencial, animación sociocultural y educación popular. -- 6.3: Encuentros vivenciales de habilidades sociales, perspectiva de género y derechos. 7aPedagogía2lemb aPedagogia - Aspectos socioculturales aPedagogía - Materiales de enseñanza aPedagogía social aPedagogía infantil aNiños de la calle aParticipación infantil 7aParticipación juvenil2lemb aFormacion de lideres aEducacion popular - Antioquia aGuías metodológicas 7aIntegración social2lemb10aAguirre Muñoz, Eduard Adrian4auteaut10aSuarez Pulgarin, Diana Cristina4auteaut10aAbril Caicedo, Luis Fernando4auteaut10aPelaez Villegas, Sandra Maria4auteaut10aZuluaga, Fabian Mauricio4auteaut10aAngel Ochoa, Gloria Eugenia4auteaut10aHerrera Róbinson, Lissette4auteaut10aColorado Arango, Olga Patricia4auteaut10aCastro Mendoza, Juan David4auteaut10aCañola Ortiz, Augusto César4illeill